| 000 | 00457cam a2200193 4500 | ||
|---|---|---|---|
| 001 | D13576 | ||
| 008 | 090401t1936 xxu||||| |||| 00| 0 eng d | ||
| 035 | _a(Sirsi) u10477 | ||
| 041 | _aeng | ||
| 100 | _aParry, R. | ||
| 245 | 4 | _aThe application, use and construction of valuation tables | |
| 250 | _a4th | ||
| 260 |
_bEstates Gazette _c1936 |
||
| 350 | _a0 | ||
| 520 | _aShelf 133 | ||
| 700 | _aGrunbrall, L.B. | ||
| 942 | _n0 | ||
| 948 | _c04/03/1997 | ||
| 999 |
_c86747 _d86747 |
||